Вып. 9; Научно-методическая серия

Detalles Bibliográficos
Parent link:Научно-методическая серия: [сборник статей]/ Киевский политехнический институт (КПИ). Вып. 9.— , 1977-1991
Otros Autores: Корнейчук В. И. (редактор)
Lenguaje:ruso
Publicado: 1985
Materias:
Formato: Libro
KOHA link:https://koha.lib.tpu.ru/cgi-bin/koha/opac-detail.pl?biblionumber=284452

MARC

LEADER 00000nam2a2200000 4500
001 284452
005 20231101235709.0
035 |a (RuTPU)RU\TPU\book\308618 
035 |a RU\TPU\book\267723 
090 |a 284452 
100 |a 20150216d1985 k y0rusy5003 ca 
101 0 |a rus 
102 |a UA 
105 |a a z 001zy 
200 0 |a Вып. 9  |f отв. ред. В. И. Корнейчук 
210 |d 1985 
215 |a 55 с.  |c ил. 
320 |a Библиография в конце работ 
461 1 |0 (RuTPU)RU\TPU\book\219011  |t Научно-методическая серия  |o [сборник статей]  |f Киевский политехнический институт (КПИ)  |v Вып. 9  |d 1977-1991  |s Вестник Киевского политехнического института 
606 1 |a Инженерное дело  |2 stltpush  |3 (RuTPU)RU\TPU\subj\12589  |9 39351 
606 1 |a Методика преподавания  |x В высшей школе  |x Отдельные предметы  |2 stltpush  |3 (RuTPU)RU\TPU\subj\43484  |9 62978 
610 1 |a методика 
610 1 |a учебно-воспитательная работа 
610 1 |a высшая школа 
610 1 |a программированное обучение 
610 1 |a обучающие системы 
610 1 |a проблемное обучение 
610 1 |a деловые игры 
610 1 |a рейтинговые оценки 
610 1 |a политехнические институты 
610 1 |a преподавание 
675 |a 62  |z rus  |v 4 
686 |a Ч486  |v LBC/SL-A  |2 rubbk 
702 1 |a Корнейчук  |b В. И.  |4 340 
801 0 |a RU  |b 63413507  |c 19950704  |g psbo 
801 1 |a RU  |b 63413507  |c 20110915 
801 2 |a RU  |b 63413507  |c 20170721  |g RCR 
942 |c BK